[Event "Euro Online U2300 Day 1"]
[Site "chess.com INT"]
[Date "2020.05.25"]
[Round "2"]
[White "Mica, Marek"]
[Black "Reizniece-Ozola, Dana"]
[Result "0-1"]
[WhiteTitle "FM"]
[BlackTitle "WGM"]
[WhiteElo "2324"]
[BlackElo "2311"]
[WhiteFideId "382884"]
[BlackFideId "11601124"]
[EventDate "2020.05.25"]

1. d4 Nf6 2. Nf3 g6 3. Nc3 Bg7 4. e4 d6 5. Bf4 O-O 6. Qd2 c6 7. Bd3 b5 8. a3
Nbd7 9. h4 h5 10. O-O Ng4 11. d5 cxd5 12. exd5 a6 13. Rae1 Nde5 14. Ng5 Nxd3 15.
Qxd3 Bf5 16. Qd2 Re8 17. Nd1 Rc8 18. c3 a5 19. Ne3 Nxe3 20. fxe3 b4 21. axb4
axb4 22. cxb4 Rc2 23. Qd1 Rxb2 24. e4 Bg4 25. Qc1 Rf8 26. Bd2 Qb6+ 27. Kh1 Rc8
28. Be3 Qxb4 29. Qa1 Re2 30. Rb1 Bxa1 31. Rxb4 Bc3 32. Rb7 Rxe3 33. Rxe7 f6 34.
Ne6 Bxe6 35. Rxe6 Be5 36. Rb1 Rxe4 37. Re7 Rec4 38. g4 Rc1+ 39. Rxc1 Rxc1+ 40.
Kg2 hxg4 41. h5 Rc2+ 42. Kg1 gxh5 43. Rb7 h4 44. Rb8+ Kf7 45. Rh8 h3 46. Rh4 Bg3
47. Rh7+ Kg6 48. Rxh3 gxh3 49. Kf1 Kg5 50. Kg1 Rc1# 0-1

[Event "Euro Online U2300 Day 1"]
[Site "chess.com INT"]
[Date "2020.05.25"]
[Round "2"]
[White "Salna, Aleksandras"]
[Black "Poghosyan, Suren"]
[Result "0-1"]
[BlackTitle "FM"]
[WhiteElo "2063"]
[BlackElo "2275"]
[WhiteFideId "12807575"]
[BlackFideId "13303201"]
[EventDate "2020.05.25"]

1. d4 Nf6 2. c4 e6 3. Nc3 c5 4. d5 exd5 5. cxd5 Bd6 6. e4 Bc7 7. f4 d6 8. Nf3
O-O 9. Bd3 Re8 10. O-O a6 11. a4 Nbd7 12. Nd2 Rb8 13. b3 Nf8 14. Bb2 Ng6 15. Qe2
Bd7 16. h3 b5 17. axb5 axb5 18. Bxb5 Bxb5 19. Nxb5 Nxd5 20. Nxc7 Nxc7 21. Qd3
Qh4 22. Qf3 Ne6 23. f5 Ng5 24. Qe3 Ne5 25. Ra7 c4 26. Rf4 Qh6 27. h4 Nd3 28.
Bxg7 Nh3+ 29. gxh3 Qxf4 0-1

[Event "Euro Online U2300 Day 1"]
[Site "chess.com INT"]
[Date "2020.05.25"]
[Round "2"]
[White "Myhrvold, Rune"]
[Black "Pruefer, Friedbert"]
[Result "1/2-1/2"]
[WhiteElo "2231"]
[BlackElo "2249"]
[WhiteFideId "1501259"]
[BlackFideId "24699772"]
[EventDate "2020.05.25"]

1. e4 d6 2. d4 Nf6 3. Nc3 g6 4. Bg5 Bg7 5. Qd2 O-O 6. Bh6 e5 7. Nf3 exd4 8. Nxd4
Nxe4 9. Nxe4 Re8 10. Bxg7 Rxe4+ 11. Be2 Kxg7 12. O-O-O Qf6 13. Bf3 Re8 14. h4 h5
15. Rdg1 Nd7 16. Nb5 Rb8 17. Nxc7 Re5 18. Nd5 Qe6 19. g4 Nf6 20. gxh5 Nxd5 21.
hxg6 fxg6 22. h5 Ne7 23. hxg6 Nf5 24. Kb1 Bd7 25. Rh7+ Kg8 26. Rgh1 Re8 27. Rh8+
Kg7 28. R8h7+ Kg8 29. Rh8+ Kg7 30. R8h7+ Kg8 1/2-1/2

[Event "Euro Online U2300 Day 1"]
[Site "chess.com INT"]
[Date "2020.05.25"]
[Round "2"]
[White "Ohanyan, Emin"]
[Black "Haring, Viktor"]
[Result "0-1"]
[WhiteTitle "FM"]
[BlackTitle "FM"]
[WhiteElo "2291"]
[BlackElo "2298"]
[WhiteFideId "13312022"]
[BlackFideId "14919400"]
[EventDate "2020.05.25"]

1. e4 c5 2. Nf3 Nc6 3. Nc3 Nf6 4. d4 cxd4 5. Nxd4 e5 6. Ndb5 d6 7. Bg5 a6 8. Na3
b5 9. Bxf6 gxf6 10. Nd5 f5 11. c3 Bg7 12. exf5 Bxf5 13. Nc2 O-O 14. Nce3 Be6 15.
Bd3 f5 16. O-O Kh8 17. a4 bxa4 18. Rxa4 a5 19. Bc2 Ne7 20. Nxe7 Qxe7 21. Bb3 Bd7
22. Nd5 Qg5 23. Ra2 Bc6 24. g3 f4 25. Nc7 fxg3 26. hxg3 Bf3 27. Qxf3 Rxf3 28.
Nxa8 e4 29. Bd1 Rf8 30. Nc7 e3 31. Ne6 exf2+ 32. Rxf2 Qxg3+ 33. Rg2 Qe1+ 34. Kh2
Be5+ 0-1

[Event "Euro Online U2300 Day 1"]
[Site "chess.com INT"]
[Date "2020.05.25"]
[Round "2"]
[White "Sherman, Reem"]
[Black "Wadsworth, Matthew J"]
[Result "0-1"]
[BlackTitle "IM"]
[WhiteElo "2146"]
[BlackElo "2416"]
[WhiteFideId "2822288"]
[BlackFideId "415804"]
[EventDate "2020.05.25"]

1. e4 c5 2. Nf3 e6 3. d4 cxd4 4. Nxd4 Nc6 5. Nc3 Qc7 6. Be3 a6 7. g3 b5 8. Bg2
Bb7 9. O-O Nf6 10. a3 Nxd4 11. Bxd4 Bc5 12. Re1 Bxd4 13. Qxd4 e5 14. Qd3 O-O 15.
Nd5 Bxd5 16. exd5 d6 17. c3 Qc4 18. Qd2 Rfc8 19. Rad1 a5 20. Bf1 Qc5 21. Qd3
Rab8 22. Bh3 Rc7 23. Re3 h6 24. Rde1 b4 25. axb4 axb4 26. Bg2 Qc4 27. Qd2 b3 28.
Rd1 Ra7 29. Bf1 Qc5 30. c4 Ra4 31. Rc1 Ng4 32. Rec3 f5 33. h3 Nf6 34. Qd1 Ne4
35. Rf3 g6 36. Bd3 Ng5 37. Bf1 Nxf3+ 38. Qxf3 Ra2 39. Qe2 Qd4 40. Rb1 e4 41. g4
f4 42. Kh1 f3 43. Qe1 Kh7 44. Kg1 Re8 45. Qc1 e3 46. fxe3 Rxe3 47. Kh1 f2 48.
Qd1 Qxd1 49. Rxd1 Re1 50. Rd3 Rxf1+ 51. Kg2 Rc1 52. Kxf2 Rxb2+ 53. Kg3 Rxc4 54.
Re3 Rc7 0-1

[Event "Euro Online U2300 Day 1"]
[Site "chess.com INT"]
[Date "2020.05.25"]
[Round "2"]
[White "Xylogiannopoulos, Antonios"]
[Black "Bulau, Andrei-Cristian"]
[Result "1/2-1/2"]
[WhiteElo "2267"]
[BlackElo "2199"]
[WhiteFideId "4215133"]
[BlackFideId "1237691"]
[EventDate "2020.05.25"]

1. e4 c5 2. c3 Nf6 3. e5 Nd5 4. d4 cxd4 5. Nf3 e6 6. cxd4 b6 7. Bd3 Ba6 8. O-O
Bxd3 9. Qxd3 Nc6 10. Bg5 Be7 11. Bxe7 Qxe7 12. Nbd2 d6 13. Rac1 Na5 14. b4 Nb7
15. a3 O-O 16. Ne4 h6 17. Rc2 dxe5 18. Nxe5 Nd6 19. Rfc1 Nf5 20. g3 Qb7 21. Nc6
Qd7 22. Ne5 Qe7 23. Nc6 Qd7 24. Ne5 Qe7 25. Nc6 Qd7 1/2-1/2

[Event "Euro Online U2300 Day 1"]
[Site "chess.com INT"]
[Date "2020.05.25"]
[Round "2"]
[White "Grigoryan, Aram"]
[Black "Rogule, Laura"]
[Result "1/2-1/2"]
[BlackTitle "WGM"]
[WhiteElo "1996"]
[BlackElo "2297"]
[WhiteFideId "13310542"]
[BlackFideId "11601876"]
[EventDate "2020.05.25"]

1. d4 d5 2. c4 e6 3. Nc3 Nf6 4. cxd5 exd5 5. Bg5 Nbd7 6. e3 Be7 7. Bd3 c6 8. Nf3
O-O 9. O-O Re8 10. Qc2 Nf8 11. h3 Be6 12. Ne5 N6d7 13. Bxe7 Rxe7 14. f4 f6 15.
Nf3 Qc7 16. b4 Rae8 17. Rae1 Nb6 18. Rf2 Nc8 19. Na4 Nd6 20. Rfe2 Bf7 21. Nc5 b6
22. Nb3 Bg6 23. f5 Bf7 24. Nbd2 Ne4 25. Bxe4 dxe4 26. Nh2 Qd6 27. Rb1 Qd5 28.
Rf2 Rc8 29. Nb3 Nd7 30. Rc1 Ree8 31. Rf4 Rc7 32. Ng4 c5 33. bxc5 bxc5 34. dxc5
Rec8 35. Qxe4 Nxc5 36. Qxd5 Bxd5 37. Nxc5 Rxc5 38. Rxc5 Rxc5 39. Ra4 Rc1+ 40.
Kh2 Rc2 41. e4 Rxa2 42. Rb4 Bc6 43. Rc4 Ra6 44. e5 h5 45. Nf2 fxe5 46. Nd3 e4
47. Nb4 Ra4 48. Rxc6 Rxb4 49. Rc8+ Kh7 50. Rc7 Kh6 51. Rxa7 Rb5 52. Re7 Rxf5 53.
Rxe4 Kg5 54. h4+ Kh6 55. Re6+ g6 56. Kh3 Ra5 57. Rb6 Ra3+ 58. g3 Ra1 59. Rb5 Ra2
60. Rb8 Ra1 61. Rb7 1/2-1/2

[Event "Euro Online U2300 Day 1"]
[Site "chess.com INT"]
[Date "2020.05.25"]
[Round "2"]
[White "Hristodoulou, Panagiotis"]
[Black "Hulka, Valentyn"]
[Result "1-0"]
[WhiteTitle "FM"]
[WhiteElo "2302"]
[BlackElo "1892"]
[WhiteFideId "4214340"]
[BlackFideId "34107061"]
[EventDate "2020.05.25"]

1. e4 c5 2. Nc3 Nc6 3. g3 g6 4. d3 Bg7 5. Bg2 d6 6. Be3 e6 7. Qd2 Rb8 8. Nge2
Nd4 9. Nc1 Ne7 10. Nd1 O-O 11. c3 Ndc6 12. Bh6 d5 13. Bxg7 Kxg7 14. exd5 exd5
15. O-O d4 16. b4 Be6 17. bxc5 Qa5 18. Qc2 Qxc5 19. Nb3 Qd6 20. c4 Rfc8 21. Qd2
b6 22. Re1 a5 23. Nb2 Qa3 24. Reb1 a4 25. Nc1 b5 26. cxb5 Rxb5 27. Nc4 Bxc4 28.
dxc4 Rxb1 29. Rxb1 Qc5 30. Nd3 Qxc4 31. Rc1 Qa6 32. Nc5 Qb5 33. h4 a3 34. h5 Qb2
35. h6+ Kg8 36. Qg5 Nd8 37. Re1 Ndc6 38. Bxc6 Nxc6 39. Qf6 d3 40. Qxc6 Qe2 41.
Qxc8+ 1-0

[Event "Euro Online U2300 Day 1"]
[Site "chess.com INT"]
[Date "2020.05.25"]
[Round "2"]
[White "Skuhala, Jernej"]
[Black "Ionescu, Cristian-Dan"]
[Result "1/2-1/2"]
[WhiteTitle "FM"]
[BlackTitle "FM"]
[WhiteElo "2342"]
[BlackElo "2287"]
[WhiteFideId "14605651"]
[BlackFideId "1200860"]
[EventDate "2020.05.25"]

1. e4 c5 2. Nf3 d6 3. d4 Nf6 4. Nc3 cxd4 5. Nxd4 a6 6. Be3 e5 7. Nb3 Be7 8. f3
Be6 9. Qd2 h5 10. O-O-O Qc7 11. g3 Nbd7 12. Kb1 b5 13. Bg2 Nb6 14. Bxb6 Qxb6 15.
Nd5 Nxd5 16. exd5 Bf5 17. Bf1 O-O 18. Bd3 Bxd3 19. Qxd3 a5 20. h4 b4 21. g4 hxg4
22. fxg4 a4 23. Nc1 a3 24. b3 Qf2 25. Rdf1 Qc5 26. g5 f5 27. gxf6 Rxf6 28. Rfg1
Raf8 29. Rg3 Rf4 30. Rhg1 Bf6 31. Ne2 e4 32. Qd2 Rxh4 33. Rxg7+ Bxg7 34. Rxg7+
Kh8 35. Rg2 Rf1+ 36. Nc1 Rhh1 37. Rh2+ Kg7 38. Qg5+ Kf7 39. Rxh1 Rxh1 40. Qf5+
Kg7 41. Qg5+ 1/2-1/2

[Event "Euro Online U2300 Day 1"]
[Site "chess.com INT"]
[Date "2020.05.25"]
[Round "2"]
[White "Kormos, Adam"]
[Black "Mladek, Richard"]
[Result "1-0"]
[BlackTitle "FM"]
[WhiteElo "2279"]
[BlackElo "2280"]
[WhiteFideId "730483"]
[BlackFideId "386588"]
[EventDate "2020.05.25"]

1. e4 c5 2. Nf3 d6 3. d4 cxd4 4. Nxd4 Nf6 5. Nc3 a6 6. a4 g6 7. Be3 Ng4 8. Bc1
Bg7 9. h3 Nf6 10. Be3 O-O 11. Be2 Nc6 12. O-O Bd7 13. f4 Rc8 14. Nb3 Na5 15. e5
Rxc3 16. bxc3 Ne4 17. Bf3 Bc6 18. Qe1 Nc4 19. Bd4 dxe5 20. fxe5 f5 21. exf6 exf6
22. Bxe4 Re8 23. Bd3 Rxe1 24. Bxc4+ Bd5 25. Bxd5+ Qxd5 26. Raxe1 f5 27. Bxg7
Kxg7 28. Nd4 Qc5 29. Re3 Kf6 30. Rfe1 Qc4 31. h4 Qxa4 32. Re7 1-0

[Event "Euro Online U2300 Day 1"]
[Site "chess.com INT"]
[Date "2020.05.25"]
[Round "2"]
[White "Gubarev, Vsevolod"]
[Black "Gorodetzky, Matan"]
[Result "0-1"]
[BlackTitle "FM"]
[WhiteElo "2194"]
[BlackElo "2284"]
[WhiteFideId "4164660"]
[BlackFideId "2813394"]
[EventDate "2020.05.25"]

1. e4 e6 2. d4 d5 3. Nc3 Nf6 4. Bg5 dxe4 5. Nxe4 Nbd7 6. Bd3 h6 7. Bxf6 Nxf6 8.
Nf3 Be7 9. O-O O-O 10. Qe2 Nd5 11. Qd2 f5 12. Ng3 Bg5 13. Nxg5 Qxg5 14. f4 Qh4
15. Ne2 Nf6 16. g3 Qh3 17. Nc3 Bd7 18. Be2 Bc6 19. Bf3 Bxf3 20. Rxf3 Rad8 21.
Rd3 Rd6 22. Qg2 Qxg2+ 23. Kxg2 Rfd8 24. Rad1 a6 25. Kf3 Kf7 26. h3 b5 27. a3 c6
28. g4 g6 29. g5 hxg5 30. fxg5 Nd7 31. Kg3 Nb6 32. b3 a5 33. Ne2 a4 34. Ng1 axb3
35. cxb3 c5 36. Nf3 Kg7 37. R3d2 c4 38. b4 Nd5 39. Ne5 Nc3 40. Re1 Ne4+ 41. Rxe4
fxe4 42. Rf2 Rf8 43. Rxf8 Kxf8 44. Nxg6+ Kg7 45. Nf4 c3 46. Ne2 c2 47. Kf4 Rxd4
48. h4 Rd2 0-1

[Event "Euro Online U2300 Day 1"]
[Site "chess.com INT"]
[Date "2020.05.25"]
[Round "2"]
[White "Vakhania, Aleksandra"]
[Black "Gerasimenyuk, Mikhail"]
[Result "0-1"]
[WhiteTitle "WIM"]
[BlackTitle "FM"]
[WhiteElo "2138"]
[BlackElo "2133"]
[WhiteFideId "13602560"]
[BlackFideId "14111845"]
[EventDate "2020.05.25"]

1. d4 d6 2. Nf3 Nf6 3. Nc3 Bg4 4. e4 c6 5. h3 Bh5 6. Bf4 Nbd7 7. e5 Nd5 8. Nxd5
cxd5 9. Be2 Bxf3 10. Bxf3 dxe5 11. dxe5 e6 12. O-O Rc8 13. c3 Be7 14. Qd4 Bc5
15. Qd2 O-O 16. Rfe1 b5 17. Be2 Qb6 18. Bd3 a5 19. a3 b4 20. axb4 axb4 21. Ra6
Qb7 22. Rea1 b3 23. Bg3 Ra8 24. Kh2 Rxa6 25. Rxa6 Ra8 26. Qe2 Rxa6 27. Bxa6 Qb6
28. Bb5 Nf8 29. Be8 Ng6 30. Qf3 Qc7 31. Kg1 Kf8 32. Ba4 Qa5 33. Bxb3 Qa1+ 34.
Kh2 Qxb2 35. c4 Nxe5 36. Bxe5 Qxe5+ 37. g3 Qb2 38. cxd5 Bxf2 39. h4 Be3+ 40. Kh3
Qxb3 41. d6 Qd5 42. Qxe3 Qxd6 43. Qe4 g6 44. h5 Kg7 45. Qh4 Qd2 46. g4 Qe3+ 47.
Kg2 g5 48. h6+ Kf6 49. Qh5 Qe2+ 50. Kg3 Qe1+ 51. Kg2 Qh4 0-1

[Event "Euro Online U2300 Day 1"]
[Site "chess.com INT"]
[Date "2020.05.25"]
[Round "2"]
[White "Stoleriu, George"]
[Black "Garcia Dorado, Alberto"]
[Result "1-0"]
[WhiteTitle "FM"]
[BlackTitle "CM"]
[WhiteElo "2349"]
[BlackElo "2175"]
[WhiteFideId "1227505"]
[BlackFideId "2252244"]
[EventDate "2020.05.25"]

1. e4 d5 2. exd5 Nf6 3. Nc3 Nxd5 4. Bc4 c6 5. d4 Bf5 6. Nf3 e6 7. O-O Be7 8. Re1
Nxc3 9. bxc3 O-O 10. Rb1 b6 11. Ne5 Qc8 12. Bd3 Bxd3 13. Nxd3 Nd7 14. Qf3 Bd6
15. Re4 c5 16. Ba3 Qc7 17. Rh4 cxd4 18. Bxd6 Qxd6 19. cxd4 Rac8 20. Qe2 Rc4 21.
Ne5 Rxd4 22. Nc4 Qc5 23. Rxd4 Qxd4 24. Rd1 Qc5 25. Rxd7 Qb5 26. Rd1 Rc8 27. Qd3
h5 28. Ne3 Qg5 29. Qd7 Ra8 30. Qb7 Rf8 31. Qxa7 h4 32. h3 f5 33. Qxb6 Rf6 34.
Qb5 Rg6 35. a4 Qf4 36. a5 Qf3 37. Qe8+ Kh7 38. Qxg6+ 1-0

[Event "Euro Online U2300 Day 1"]
[Site "chess.com INT"]
[Date "2020.05.25"]
[Round "2"]
[White "Acs, Gabor"]
[Black "Frisk, Ellinor"]
[Result "1-0"]
[BlackTitle "WIM"]
[WhiteElo "1977"]
[BlackElo "2176"]
[WhiteFideId "719536"]
[BlackFideId "1708481"]
[EventDate "2020.05.25"]

1. e4 c5 2. c3 g6 3. d4 cxd4 4. cxd4 d5 5. e5 Nc6 6. h3 f6 7. Nf3 fxe5 8. dxe5
Bg7 9. Nc3 e6 10. Bf4 Nge7 11. Bd3 O-O 12. Bh2 d4 13. Ne4 Qd5 14. Nf6+ Bxf6 15.
exf6 Rxf6 16. O-O Bd7 17. Re1 Raf8 18. Be4 Qh5 19. Nxd4 Qxd1 20. Raxd1 Rxf2 21.
Nf3 R2xf3 22. Bxf3 Nd5 23. Bxd5 exd5 24. Rxd5 Bf5 25. g4 Bc2 26. Bg3 a6 27. Rd2
Ba4 28. b3 Bb5 29. a4 Rf3 30. Kg2 Rxb3 31. axb5 Rxb5 32. Rd7 Rb2+ 33. Kf1 Kf8
34. Bd6+ Kg8 35. Re8# 1-0

[Event "Euro Online U2300 Day 1"]
[Site "chess.com INT"]
[Date "2020.05.25"]
[Round "2"]
[White "Buehler, Michael"]
[Black "Khodko, Yurii N."]
[Result "0-1"]
[WhiteElo "2087"]
[BlackElo "2048"]
[WhiteFideId "1326490"]
[BlackFideId "24264717"]
[EventDate "2020.05.25"]

1. Nf3 Nf6 2. c4 g6 3. d4 Bg7 4. g3 O-O 5. Bg2 d6 6. O-O Nc6 7. Nc3 a6 8. b3 Rb8
9. Bb2 b5 10. cxb5 axb5 11. Rc1 Na5 12. Qd2 c5 13. dxc5 dxc5 14. Rfd1 Qxd2 15.
Rxd2 Ba6 16. Ne5 Rfc8 17. e3 Bb7 18. Bh3 e6 19. Nxb5 Ne4 20. Rd7 Nc6 21. Nxf7
Bxb2 22. Rcd1 Ne5 23. Nh6+ Kh8 24. Bxe6 Ng5 25. Bc4 Nxd7 26. Rxd7 Bc6 27. Nf7+
Nxf7 0-1

[Event "Euro Online U2300 Day 1"]
[Site "chess.com INT"]
[Date "2020.05.25"]
[Round "2"]
[White "Mammadov, Sadig"]
[Black "Gaboyan, Susanna"]
[Result "1-0"]
[WhiteTitle "FM"]
[BlackTitle "WIM"]
[WhiteElo "2237"]
[BlackElo "2211"]
[WhiteFideId "13408712"]
[BlackFideId "13303627"]
[EventDate "2020.05.25"]

1. d4 Nf6 2. c4 g6 3. Nc3 d5 4. g3 Bg7 5. Bg2 c6 6. Nf3 O-O 7. O-O Bf5 8. Ne5
Nbd7 9. cxd5 cxd5 10. Qb3 Nb6 11. a4 a5 12. Bg5 e6 13. g4 h6 14. Bxf6 Bxf6 15.
gxf5 gxf5 16. Nb5 Kh7 17. Kh1 Qe7 18. Qa3 Rac8 19. Qd6 Nc4 20. Nxc4 Rxc4 21. b3
Qxd6 22. Nxd6 Rxd4 23. Rad1 Rb4 24. Rd3 Be5 25. Nb5 Rc8 26. Re3 Bf4 27. Rd3 Rc2
28. e3 Be5 29. Nd4 Bxd4 30. exd4 Rb2 31. Bf3 R2xb3 32. Rxb3 Rxb3 33. Bh5 Kg7 34.
Rc1 Rh3 35. Be2 Rh4 36. Rd1 Rh3 37. Rd3 Rxd3 38. Bxd3 f4 39. Kg2 f6 40. Kf3 e5
41. Bf5 Kf7 42. Bc8 b6 43. Kg4 Ke7 44. Ba6 Kd6 45. Kf5 h5 46. h4 exd4 47. Kxf4
Kc5 48. Kf3 Kb4 49. Bb5 Kc3 50. Ke2 f5 51. f4 Kc2 52. Bd3+ Kb3 53. Bxf5 Kxa4 54.
Bd7+ Kb4 55. Kd3 Kc5 56. Be8 b5 57. Bxh5 b4 58. Bd1 Kd6 59. h5 Ke6 60. h6 Kf7
61. f5 Kg8 62. f6 1-0

[Event "Euro Online U2300 Day 1"]
[Site "chess.com INT"]
[Date "2020.05.25"]
[Round "2"]
[White "Schitco, Ivan"]
[Black "Ozenir, Ekin Baris"]
[Result "0-1"]
[WhiteTitle "IM"]
[BlackTitle "IM"]
[WhiteElo "2467"]
[BlackElo "2309"]
[WhiteFideId "13905465"]
[BlackFideId "6357415"]
[EventDate "2020.05.25"]

1. d4 Nf6 2. c4 e6 3. g3 c5 4. Nf3 cxd4 5. Nxd4 d5 6. Bg2 e5 7. Nf3 d4 8. O-O
Nc6 9. e3 d3 10. Nc3 Bb4 11. Nxe5 Nxe5 12. Qa4+ Nc6 13. Bxc6+ bxc6 14. Qxb4 h5
15. e4 d2 16. Bxd2 Qxd2 17. Rad1 Qh6 18. Rfe1 Nd7 19. Nd5 c5 20. Nc7+ Kf8 21.
Qa3 Rb8 22. Nb5 h4 23. Nxa7 Ra8 24. Nxc8 Rxa3 25. Rxd7 g6 26. bxa3 hxg3 27. Rd8+
Kg7 28. Rxh8 Qxh8 29. hxg3 Qxc8 30. e5 Qa6 31. Re4 Qxa3 32. Kg2 Qxa2 33. Kf3 Qd2
34. Rf4 g5 35. Re4 Qd3+ 0-1

[Event "Euro Online U2300 Day 1"]
[Site "chess.com INT"]
[Date "2020.05.25"]
[Round "2"]
[White "Vanek, Tomas"]
[Black "Paprocki, Jaroslaw"]
[Result "0-1"]
[WhiteTitle "FM"]
[WhiteElo "2080"]
[BlackElo "2248"]
[WhiteFideId "313459"]
[BlackFideId "1122274"]
[EventDate "2020.05.25"]

1. e4 e5 2. Nf3 Nc6 3. d4 exd4 4. Nxd4 Qf6 5. Be3 Bc5 6. c3 Nge7 7. Nc2 d6 8.
Nd2 O-O 9. Qf3 Qg6 10. Qg3 Be6 11. Qxg6 hxg6 12. b4 Bxe3 13. Nxe3 d5 14. Bb5 d4
15. cxd4 Nxd4 16. Bc4 Bxc4 17. Ndxc4 Nec6 18. b5 Nxb5 19. Rb1 Nc3 20. Rxb7 Rab8
21. Rxb8 Rxb8 22. O-O Nxe4 23. Nd5 Nd4 24. Re1 c6 25. Ne7+ Kf8 26. f3 Nc3 27.
Kf2 Re8 28. Rc1 Rxe7 29. Rxc3 Re2+ 30. Kg3 Rxa2 31. Nd6 Ne2+ 32. Kh3 Nxc3 0-1

[Event "Euro Online U2300 Day 1"]
[Site "chess.com INT"]
[Date "2020.05.25"]
[Round "2"]
[White "Svicevic, Rastko"]
[Black "Grela, Kacper"]
[Result "1-0"]
[WhiteTitle "FM"]
[BlackTitle "FM"]
[WhiteElo "2215"]
[BlackElo "2377"]
[WhiteFideId "916315"]
[BlackFideId "1154141"]
[EventDate "2020.05.25"]

1. d4 d5 2. Bg5 Nf6 3. Bxf6 gxf6 4. e3 e6 5. c4 c6 6. Nc3 Bd6 7. Nf3 Nd7 8. cxd5
cxd5 9. Bd3 f5 10. Rc1 O-O 11. h4 a6 12. g4 fxg4 13. Ng5 h5 14. e4 Bf4 15. exd5
Bxg5 16. hxg5 Qxg5 17. Ne4 Qxd5 18. Rc5 Nxc5 19. Nf6+ Kg7 20. Nxd5 Nxd3+ 21.
Qxd3 exd5 22. Rxh5 Be6 23. Qe3 f6 24. Kd2 Bg8 25. Qh6+ Kf7 26. Rxd5 Ke7 27. Qg7+
Bf7 28. Rf5 Rae8 29. Rxf6 Rd8 30. Rf4 Rd6 31. Qe5+ Re6 32. Qc5+ Ke8 33. Qc8+ Ke7
34. Qxb7+ Ke8 35. Qc8+ Ke7 36. Qc5+ Ke8 37. d5 Re7 38. Qc8# 1-0

[Event "Euro Online U2300 Day 1"]
[Site "chess.com INT"]
[Date "2020.05.25"]
[Round "2"]
[White "Rozgonyi, Aron"]
[Black "Flajsman, Pavel"]
[Result "1-0"]
[WhiteElo "2117"]
[BlackElo "2162"]
[WhiteFideId "706159"]
[BlackFideId "391476"]
[EventDate "2020.05.25"]

1. e4 c5 2. Nf3 Nc6 3. d4 cxd4 4. Nxd4 Nf6 5. Nc3 e5 6. Ndb5 d6 7. Bg5 a6 8. Na3
b5 9. Nd5 Be7 10. Nxe7 Nxe7 11. Bxf6 gxf6 12. c4 Qa5+ 13. Qd2 Qxd2+ 14. Kxd2 b4
15. Nc2 Rb8 16. Ne3 f5 17. exf5 Bxf5 18. Be2 Be6 19. Rhf1 f5 20. f4 O-O 21. Rad1
Rbd8 22. Kc1 a5 23. b3 Nc6 24. Bf3 e4 25. Be2 Ne7 26. Rd2 a4 27. Rfd1 axb3 28.
axb3 Nc8 29. Ra2 Rd7 30. Ra4 Rb7 31. Nc2 Rff7 32. Rxb4 Rxb4 33. Nxb4 Rb7 34. Nc6
Rxb3 35. Nd4 Bxc4 36. Bxc4+ 1-0

[Event "Euro Online U2300 Day 1"]
[Site "chess.com INT"]
[Date "2020.05.25"]
[Round "2"]
[White "Zpevakova, Jana"]
[Black "Maurizzi, Marc Andria"]
[Result "1-0"]
[WhiteTitle "WFM"]
[BlackTitle "IM"]
[WhiteElo "2106"]
[BlackElo "2433"]
[WhiteFideId "334030"]
[BlackFideId "36083534"]
[EventDate "2020.05.25"]

1. d4 Nf6 2. c4 g6 3. Nc3 Bg7 4. Nf3 O-O 5. Bg5 d6 6. e3 c5 7. Be2 Nc6 8. O-O
Bg4 9. d5 Na5 10. Qd3 Bxf3 11. Bxf3 Nd7 12. Be2 Ne5 13. Qe4 h6 14. Bh4 f5 15.
Qc2 Naxc4 16. b3 Nb6 17. f4 Ned7 18. g4 c4 19. gxf5 cxb3 20. Qxb3 Rxf5 21. Bg4
Nc5 22. Qc2 Nc4 23. Rae1 Qa5 24. Ne4 Nxe4 25. Qxe4 Nd2 26. Qe6+ Rf7 27. Rf2 Bf6
28. Bg3 h5 29. f5 Ne4 30. Qxe4 Qxe1+ 31. Rf1 Qxf1+ 32. Kxf1 hxg4 33. fxg6 Rff8
34. Qxg4 Kg7 35. Kg2 Rac8 36. h4 Rc2+ 37. Kh3 Rc3 38. Bf4 Be5 39. Bh6+ Kxh6 40.
Qg5+ Kg7 41. Qxe7+ Kg8 42. Qh7# 1-0

[Event "Euro Online U2300 Day 1"]
[Site "chess.com INT"]
[Date "2020.05.25"]
[Round "2"]
[White "Frenkel, Ran"]
[Black "Jeszenszky, Jozsef"]
[Result "0-1"]
[WhiteElo "2245"]
[BlackElo "2099"]
[WhiteFideId "2815974"]
[BlackFideId "753564"]
[EventDate "2020.05.25"]

1. d4 d5 2. c4 e6 3. Nc3 c6 4. e4 dxe4 5. Nxe4 Bb4+ 6. Nc3 Nf6 7. Nf3 Nbd7 8.
Bd3 O-O 9. O-O b6 10. Qe2 Bb7 11. Bg5 h6 12. Bh4 Qc7 13. Rad1 c5 14. Nb5 Qf4 15.
Bg3 Bxf3 16. Bxf4 Bxe2 17. Bxe2 a6 18. Nc7 Ra7 19. Bd6 Rc8 20. a3 Ba5 21. b4
cxb4 22. axb4 Bxb4 23. Bxb4 Raxc7 24. Ra1 a5 25. Bd6 Rxc4 26. Bxc4 Rxc4 27. Be5
Nd5 28. Rfc1 Nxe5 29. dxe5 Re4 30. Re1 Rc4 31. Rec1 Rd4 32. Rd1 Rf4 33. g3 Re4
34. Re1 Rb4 35. Reb1 Rg4 36. Kg2 g5 37. Kf3 h5 38. h3 Rd4 39. Rd1 g4+ 40. hxg4
hxg4+ 41. Kg2 Rxd1 42. Rxd1 Kg7 43. Rd4 b5 44. Rxg4+ Kf8 45. Rd4 b4 46. Kf3 a4
47. Ke4 a3 48. Rd1 Nc3+ 0-1

[Event "Euro Online U2300 Day 1"]
[Site "chess.com INT"]
[Date "2020.05.25"]
[Round "2"]
[White "Mkrtchyan, Mariam"]
[Black "Kusa, Jakub"]
[Result "1-0"]
[WhiteTitle "WFM"]
[WhiteElo "2071"]
[BlackElo "2177"]
[WhiteFideId "13310828"]
[BlackFideId "395595"]
[EventDate "2020.05.25"]

1. d4 Nf6 2. Nf3 e6 3. c4 d5 4. g3 Be7 5. Bg2 O-O 6. O-O dxc4 7. Qc2 a6 8. a4
Bd7 9. Rd1 Bc6 10. Nc3 Bb4 11. Bg5 h6 12. Bxf6 Qxf6 13. e4 Bxc3 14. bxc3 b5 15.
Ne5 Bb7 16. Qb2 c6 17. Nxc4 Nd7 18. Nd6 Rab8 19. e5 Qd8 20. axb5 axb5 21. Nxb7
Rxb7 22. Bxc6 Rb8 23. Bxb5 Nb6 24. Qe2 Qc7 25. c4 Rfc8 26. Rdc1 Rd8 27. Qe3 Qb7
28. Ra2 Rbc8 29. Qd3 Qc7 30. f4 Nd5 31. Rf2 Ne7 32. g4 Qc5 33. Rd1 Qb4 34. f5
exf5 35. gxf5 Rc5 36. Qf3 Rcc8 37. f6 Ng6 38. fxg7 Qe7 39. Qf6 Qa7 40. e6 1-0